| 000 | 00365 a2200169 4500 | ||
|---|---|---|---|
| 001 | 190207 | ||
| 020 | _a978-85-349-3725-2 | ||
| 040 | _cMagnum | ||
| 100 | _aSavary, Flávia | ||
| 240 | 1 | 0 |
_aHistórias de fogo _lpor |
| 245 | 1 | 0 | _aHistórias de fogo |
| 300 | _a62 | ||
| 362 | 0 | _a2013 | |
| 440 | 1 | _aPaulus | |
| 697 | _aLITERATURA INFANTO-JUVENIL | ||
| 942 | _cBK | ||
| 999 |
_c190207 _d190207 |
||